Gaming Quiz

Random Gaming Quiz

WoW Wrath of the Lich King Raid Bosses by Instance Quiz Stats

 Plays Quiz not verified by Sporcle

Score 0/53 Timer 10:00
0 Plays Today
% Correct
Malygos
94.7%
The Lich King
90.5%
Kel'thuzad
82.8%
Yogg-Saron
78.7%
Anub'arak
76.9%
Professer Putricide
73.4%
Freya
72.8%
The Gunship Battle
72.8%
Deathbringer Saurfang
72.8%
Sindragosa
72.2%
Rotface
71.6%
Lord Marrowgar
70.4%
Festergut
68%
Patchwerk
67.5%
Mimiron
66.9%
Flame Leviathan
65.7%
Archavon the Stone Watcher
65.7%
Sartharion
63.9%
Blood Queen Lana'thel
63.9%
Hodir
63.3%
Lady Deathwhisper
63.3%
Thorim
62.7%
Sapphiron
62.7%
Thaddius
62.7%
Lord Jaraxxus
60.9%
Maexxna
60.4%
The beasts of Northrend
59.8%
% Correct
Algalon the Observer
59.2%
XT-002 Deconstructor
58.6%
Gluth
56.2%
Razorscale
55.6%
Anub'rekhan
55.6%
Heigan the Unclean
55%
The Faction Champions
54.4%
The Twin Val'kyr
52.1%
Grobbulus
50.9%
Loatheb
50.9%
Halion
50.3%
The Four Horseman
50.3%
General Vezax
49.1%
Noth the Plaguebringer
48.5%
Valitheria Dreamwalker
47.9%
Ignis the Furnace Master
47.3%
The Iron Council
47.3%
Grand Widow Faerlina
45%
Instructor Razuvious
43.2%
The Blood Prince Council
42.6%
Toravon the Ice Watcher
42%
Kologarn
40.8%
Gothik the Harvester
40.8%
Emalon the Storm Watcher
35.5%
Auriaya
32.5%
Koralon the Flame Watcher
32%

You're not logged in!

Compare scores with friends on all Sporcle quizzes.
OR
Log In

Show Comments

Extras

Top Quizzes Today


Score Distribution

Your Account Isn't Verified!

In order to create a playlist on Sporcle, you need to verify the email address you used during registration. Go to your Sporcle Settings to finish the process.

Report this User

Report this user for behavior that violates our Community Guidelines.

Details: